| 000 | 00728nam a22002417a 4500 | ||
|---|---|---|---|
| 003 | CBULib | ||
| 005 | 20230803083405.0 | ||
| 008 | 230516b |||||||| |||| 00| 0 eng d | ||
| 020 | _a9781785945212 | ||
| 040 |
_aCBULib _cCBULib _bEnglish _erda |
||
| 041 |
_aeng _geng |
||
| 100 | 1 |
_aTitchmarsh, Alan _9387 |
|
| 245 |
_aWildlife gardening _c / by Alan Titchmarsh |
||
| 260 |
_bBBC Books, _c2011 _aLondon, |
||
| 300 |
_a128 Pages : illustrations (colour) _c24 cm |
||
| 336 |
_2rdacontent _aText | _btxt |
||
| 337 |
_2rdamedia _aUnmediated | _bn |
||
| 338 |
_2rdacarrier _aVolume _bnc |
||
| 490 | _aAlan Titchmarsh how to garden | ||
| 504 | _aIncludes index. | ||
| 650 | 0 |
_9388 _aGARDENING TO ATTRACT WILDLIFE |
|
| 942 |
_c002 _2lcc |
||
| 999 |
_c78256 _d78256 |
||